000 00313nam a2200133Ia 4500
008 191201s2013 xx 000 0 und d
100 _aPARBIN, Singh
245 0 _aEngineering and General Geology
250 _aRep
260 _c2013
_bkatson
_aNew Delhi
300 _a591
650 _aCIVIL
942 _2ddc
_cBB
_01
999 _c7609
_d7609